000 01650nam a22002898a 4500
005 20090630115622.0
008 090128s2009 cau b 001 0 eng
010 _aENG-94292
020 _a9788178299358
_c495.00
035 _aEN-77825
037 _bDBAD / PUB
040 _adpl
_bEnglish
082 _a302.23
100 _aHarindranath, Ramaswami
245 _aAudience-citizens :
_bthe media, public knowledge and interpretive practice /
_cby Ramaswami Harindranath
260 _aNew Delhi
_bSAGE Publications
_c2009
270 _aB I/I-1 Mohan Cooprative Industrial Area, Mathura Road,
_bNew Delhi
_e110044
300 _avii, 271p.
_c23cm(Hb)
504 _aIncludes bibliographical references and index
505 _aIntroduction : media audiences, public knowledge and democracy -- Audiences and socio-cultural contexts -- Understanding "understanding" : the hermeneutics of audience reception -- Exploring "context" -- Documentary meanings and public knowledge -- Methodological reflections on "cross-cultural" audience research -- Non-fiction and audience evaluations -- Ethnicity, multiculturalism and interpretive practice -- Making connections : media audiences and cultural citizenship -- Concluding comments.
650 _aMass media
_xPolitical aspects
_zIndia.
650 _aMass media
_xSocial aspects
_zIndia.
650 _aDemocracy
_zIndia.
651 _aIndia
_xPolitics and government.
942 _2ddc
_cEN
_h302.23
_mHAR
999 _c27984
_d27984